Biggest Urban Areas in Luxembourg - Statistics

General Stats
  • This quiz has been taken 17 times
  • The average score is 4 of 7
Answer Stats
Population Uran areas % Correct
191.943 Luxembourg
100%
93.908 Esch-Differdange
93%
32.988 Dudelange
57%
21.077 Ettelbruck-Diekirch
57%
13.565 Mersch
57%
31.183 Pétange
36%
15.406 Kayl-Rumelange
14%
No matching quizzes found
Score Distribution
Percent of People with Each Score
Percentile by Number Answered
Your Score History
You have not taken this quiz